Hade Hadiya Torisu (Record no. 100051)
[ view plain ]
| 000 -LEADER | |
|---|---|
| fixed length control field | 02363nam a2200217Ia 4500 |
| 003 - CONTROL NUMBER IDENTIFIER | |
| control field | OSt |
| 005 - DATE AND TIME OF LATEST TRANSACTION | |
| control field | 20250715104123.0 |
| 008 - FIXED-LENGTH DATA ELEMENTS--GENERAL INFORMATION | |
| fixed length control field | 210210b1995 xxu||||| |||| 00| 0 eng d |
| 040 ## - CATALOGING SOURCE | |
| Transcribing agency | AL |
| 041 ## - LANGUAGE CODE | |
| Language code of text/sound track or separate title | Kannada |
| 082 ## - DEWEY DECIMAL CLASSIFICATION NUMBER | |
| Classification number | K894.109 RAGH |
| 100 ## - MAIN ENTRY--PERSONAL NAME | |
| Personal name | Raghavendra Rao (H S) |
| Dates associated with a name | ರಾಘವೇಂದ್ರ ರಾವ್ (ಎಚ್ ಎಸ್) |
| 9 (RLIN) | 203435 |
| 245 ## - TITLE STATEMENT | |
| Title | Hade Hadiya Torisu |
| Remainder of title | ಹಾಡೆ ಹಾದಿಯ ತೋರಿತು |
| 260 ## - PUBLICATION, DISTRIBUTION, ETC. | |
| Place of publication, distribution, etc. | Bengaluru |
| Name of publisher, distributor, etc. | Kannada Sangha Kraist Kalej |
| Date of publication, distribution, etc. | 1995 |
| 300 ## - PHYSICAL DESCRIPTION | |
| Extent | xii,524 |
| 520 ## - SUMMARY, ETC. | |
| Summary, etc. | ಖ್ಯಾತ ವಿಮರ್ಶಕ ಡಾ. ಎಚ್.ಎಸ್. ರಾಘವೇಂದ್ರರಾವ್ ಅವರ ಕೃತಿ-ಹಾಡೆ ಹಾದಿಯ ತೋರಿತು. ಕನ್ನಡ ಸಾಹಿತ್ಯದ ದಿಗ್ಗಜರಾದ ಕುವೆಂಪು, ಬೇಂದ್ರೆ ಹಾಗೂ ಪುತಿನ ಅವರ ಕವಿತೆಗಳಲ್ಲಿಯ ವೈಶಿಷ್ಟ್ಯಗಳನ್ನು ಗುರುತಿಸಿ, ತಮ್ಮದೇ ದೃಷ್ಟಿಕೋನದೊಂದಿಗೆ ವಿಶ್ಲೇಷಿಸಿದ ಬರಹಗಳನ್ನು ಇಲ್ಲಿ ಸಂಕಲಿಸಲಾಗಿದೆ. ಅನಂತ ಶಕ್ತಿಯ ಬಗ್ಗೆ ಈ ಮೂರು ದಿಗ್ಗಜರಲ್ಲಿ ಒಂದೇ ಭಾವ-ವಿಶ್ವಾಸ ಇರುವುದಾದರೂ, ಬುಹುತೇಕರು ನಿಸರ್ಗ-ಪ್ರಕೃತಿಯಲ್ಲಿ ದೇವನ ಇರುವನ್ನು ಕಂಡಿದ್ದಾರೆ. ಬದುಕಿನ ಬಹುತೇಕ ಸಂಗತಿಗಳಲ್ಲಿ ತಮ್ಮ ವೈವಿಧ್ಯತೆಯನ್ನು ಮೆರೆದಿದ್ದಾರೆ. ಆದರೆ, ಈ ಮೂವರು ಬದುಕಿನ ಪ್ರೀತಿಗೆ ಒಂದಲ್ಲ ಒಂದು ರೀತಿಯಲ್ಲಿ ಆದ್ಯತೆ ನೀಡಿದವರೇ ಆಗಿದ್ದು, ಪ್ರತಿಪಾದಿಸುವ ವಿಧಾನ ಬೇರೆ ಬಗೆಯದು. ಆದರೆ, ಉತ್ಕೃಷ್ಟ ಶೈಲಿಯದ್ದು. ಈ ಮೂವರ ಕವಿತೆಗಳಲ್ಲಿಯ ಸಾಮಾನ್ಯ ಅಂಶಗಳು-ವಿಶಿಷ್ಟತೆಗಳನ್ನು ಆಳವಾಗಿ ಆಧ್ಯಯನ ಮಾಡಿದ ಕೃತಿ ಇದು. |
| 650 ## - SUBJECT ADDED ENTRY--TOPICAL TERM | |
| Topical term or geographic name entry element | Bendre Kuvempu Putina |
| 9 (RLIN) | 203436 |
| 690 ## - LOCAL SUBJECT ADDED ENTRY--TOPICAL TERM (OCLC, RLIN) | |
| Topical term or geographic name as entry element | Kannada Poetry Criticism |
| 9 (RLIN) | 203437 |
| 906 ## - LOCAL DATA ELEMENT F, LDF (RLIN) | |
| a | 051522 |
| 942 ## - ADDED ENTRY ELEMENTS (KOHA) | |
| Source of classification or shelving scheme | Dewey Decimal Classification |
| Koha item type | Book |
| Withdrawn status | Lost status | Source of classification or shelving scheme | Damaged status | Not for loan | Collection code | Home library | Current library | Date acquired | Cost, normal purchase price | Total Checkouts | Full call number | Barcode | Date due | Date last seen | Date last checked out | Price effective from | Koha item type |
|---|---|---|---|---|---|---|---|---|---|---|---|---|---|---|---|---|---|
| Dewey Decimal Classification | Kannada | St Aloysius Library | St Aloysius Library | 02/17/2021 | 48.00 | 1 | K894.109 RAGH | 051522 | 07/24/2026 | 06/24/2026 | 06/24/2026 | 02/17/2021 | Book |